Friends: The One with the Embryos Quiz Stats

 Plays Quiz Updated Sep 27, 2018

Score 0/21 Timer 05:00
0 Plays Today
Hint Answer % Correct
Chandler was how old when he first touched a girl’s breast?19
77.4%
Monica categorizes her towels. How many categories are there?11
77.2%
In what part of her body did Monica get a pencil stuck at age 14?Her ear
72.4%
The boys declare they can guess all five items left in the bag. Name one of them.Apples/Tortilla Chips/Yogurt/Diet Soda/Scotch Tape
71.5%
What is Joey’s favorite food?sandwiches!
71.3%
What was Monica’s nickname when she was a field hockey goalie?Big Fat Goalie
70.6%
Leading up to the game: Joey knows that it's Monica's laundry day, meaning she's wearing her... Old Lady Underpants
70.1%
The game ends in a tie, needing a specially prepared round called...The Lightning Round!
65.2%
His profession was?Space Cowboy
63.5%
Her actual favorite movie is...Weekend at Bernie's
62.6%
Every week, the TV Guide comes to Chandler and Joey’s apartment. What name appears on the address label?Miss Chanandler Bong
62.1%
Hint Answer % Correct
What is the name of Chandler’s father’s Las Vegas all-male burlesque?Viva Las Gaygas!
61.5%
Chandler correctly predicts you will find a half-eaten 'what' in Rachel's bagBox of Cookies
55.9%
Name one of the game categories devised by RossFears and Pet Peeves, Ancient History, Literature, and It’s All Relative
53%
According to Chandler, what phenomenon scares the bejeezus out of him?Michael Flatley, Lord of the Dance!
50.1%
Monica can only eat this in even numbersTic-Tacs
43.7%
Joey, had an imaginary childhood friend. His name was?Maurice
43.4%
What is Monica’s biggest pet peeve?Animals dressed as humans
42.3%
Monica and Ross have a grandmother who died, name that grandmother.Althea
40.2%
Rachel claims this is her favorite movie...Dangerous Liaisons
33.5%
What is Chandler's job?Statistical Analysis and Data Reconfiguration
30.8%

You're not logged in!

Compare scores with friends on all Sporcle quizzes.
OR
Log In

Sporcle TV

Today on Sporcle TV


Watch our educational content, quiz creation guides, and fun videos on Sporcle TV.

Show Comments

Extras

Top Quizzes Today


Score Distribution

Your Account Isn't Verified!

In order to create a playlist on Sporcle, you need to verify the email address you used during registration. Go to your Sporcle Settings to finish the process.

Report this User

Report this user for behavior that violates our Community Guidelines.

Details: